[Event "GER-ch53 V03 email"]
[Site "GER email"]
[Date "2021.04.21"]
[Round "?"]
[White "Krebs, Juergen"]
[Black "Schmidt, Volkmar"]
[Result "1/2-1/2"]
[WhiteElo "2124"]
[BlackElo "2111"]
[PlyCount "78"]
[EventDate "2021.04.21"]
[EventType "tourn (corr)"]
[EventRounds "10"]
[EventCountry "GER"]
[SourceTitle "Corr 2024"]
[Source "ChessBase"]
[SourceDate "2023.10.19"]
[SourceVersion "1"]
[SourceVersionDate "2023.10.19"]
[SourceQuality "1"]

1. e4 c5 2. Nf3 d6 3. d4 cxd4 4. Nxd4 Nf6 5. Nc3 a6 6. Be3 e5 7. Nb3 Be6 8. f3 Be7 9. Qd2 0-0 10. 0-0-0 Nbd7 11. g4 b5 12. g5 b4 13. Ne2 Ne8 14. f4 a5 15. f5 a4 16. Nbd4 exd4 17. Nxd4 b3 18. Kb1 bxc2+ 19. Nxc2 Bb3 20. axb3 axb3 21. Na3 Ne5 22. h4 Ra4 23. Bd4 Nf3 24. Qc3 Nxd4 25. Rxd4 Rxd4 26. Qxd4 d5 27. Qxd5 Qb6 28. Bd3 Nc7 29. Qc4 Rd8 30. Rc1 Qe3 31. Rd1 Na6 32. g6 Qf3 33. Qxb3 Nb4 34. f6 Qxf6 35. gxf7+ Kf8 36. Bc4 Rxd1+ 37. Qxd1 Qxh4 38. e5 Qe4+ 39. Ka1 Qxe5 1/2-1/2

[Event "GER-ch51 final email"]
[Site "GER email"]
[Date "2021.01.18"]
[Round "?"]
[White "Amann, Hubert"]
[Black "Krebs, Juergen"]
[Result "1/2-1/2"]
[WhiteElo "2404"]
[BlackElo "2317"]
[PlyCount "61"]
[EventDate "2021.??.??"]
[EventType "tourn (corr)"]
[EventRounds "14"]
[EventCountry "GER"]
[SourceTitle "Corr 2022"]
[Source "ChessBase"]
[SourceDate "2021.10.24"]
[SourceVersion "1"]
[SourceVersionDate "2021.10.24"]
[SourceQuality "1"]

1. e4 c5 2. Nf3 d6 3. d4 cxd4 4. Nxd4 Nf6 5. Nc3 a6 6. Be3 Ng4 7. Bc1 Nf6 8. h3 e5 9. Nb3 Be6 10. Be3 Be7 11. f4 Nc6 12. f5 Bxb3 13. axb3 Nb4 14. g3 d5 15. exd5 Qc7 16. Bg2 Rd8 17. Qe2 Nfxd5 18. Nxd5 Nxd5 19. 0-0-0 Qa5 20. c3 0-0 21. Kb1 Nxc3+ 22. bxc3 Qxc3 23. Bc1 Qxb3+ 24. Qb2 Qa4 25. Qc2 Qb5+ 26. Bb2 e4 27. Bxe4 Bf6 28. Rd3 Rxd3 29. Bxd3 Qb4 30. Rd1 h6 31. Qd2 1/2-1/2

[Event "GER-ch52 V03 email"]
[Site "GER email"]
[Date "2020.04.16"]
[Round "?"]
[White "Krebs, Juergen"]
[Black "Fabig, Holger"]
[Result "1/2-1/2"]
[WhiteElo "2311"]
[BlackElo "2341"]
[PlyCount "77"]
[EventDate "2020.??.??"]
[EventType "tourn (corr)"]
[EventRounds "10"]
[EventCountry "GER"]
[SourceTitle "Corr 2022"]
[Source "ChessBase"]
[SourceDate "2021.10.24"]
[SourceVersion "1"]
[SourceVersionDate "2021.10.24"]
[SourceQuality "1"]

1. e4 c5 2. Nf3 d6 3. d4 cxd4 4. Nxd4 Nf6 5. Nc3 a6 6. Be3 e5 7. Nb3 Be6 8. f3 h5 9. Nd5 Bxd5 10. exd5 Nbd7 11. Qd2 g6 12. 0-0-0 Qc7 13. Kb1 Bg7 14. Be2 0-0 15. g4 hxg4 16. fxg4 Nb6 17. g5 Nfxd5 18. Bxb6 Nxb6 19. Qxd6 Qxd6 20. Rxd6 Na4 21. c3 e4 22. Kc2 Rac8 23. Rd7 b5 24. h4 f6 25. Nd4 Nc5 26. Rd6 Rfd8 27. Rxd8+ Rxd8 28. b4 Na4 29. Ne6 Rc8 30. c4 bxc4 31. Rd1 f5 32. Nxg7 Kxg7 33. Rd7+ Kh8 34. Rd4 Nb6 35. a4 Nxa4 36. Rxc4 Re8 37. Rc6 f4 38. Bxa6 f3 39. Rc8 1/2-1/2

[Event "GER-ch51 V04 email"]
[Site "GER email"]
[Date "2019.04.14"]
[Round "?"]
[White "Krebs, Juergen"]
[Black "Schneider, Karl"]
[Result "1/2-1/2"]
[WhiteElo "2342"]
[BlackElo "2351"]
[PlyCount "83"]
[EventDate "2019.??.??"]
[EventType "tourn (corr)"]
[EventRounds "10"]
[EventCountry "GER"]
[SourceTitle "Corr 2022"]
[Source "ChessBase"]
[SourceDate "2021.10.24"]
[SourceVersion "1"]
[SourceVersionDate "2021.10.24"]
[SourceQuality "1"]

1. e4 c6 2. c4 d5 3. exd5 cxd5 4. cxd5 Nf6 5. Nc3 Nxd5 6. Nf3 Nxc3 7. bxc3 g6 8. d4 Bg7 9. Bd3 0-0 10. 0-0 Nc6 11. Re1 b6 12. Bg5 Bb7 13. Qd2 Qd6 14. Bf4 Qd8 15. h4 e6 16. h5 Ne7 17. hxg6 hxg6 18. Ne5 Rc8 19. Rad1 Nd5 20. c4 Nxf4 21. Qxf4 Qe7 22. Re3 Qf6 23. Qg4 Rcd8 24. Rh3 Rd6 25. Re1 Rfd8 26. Nxf7 Rxd4 27. Qxg6 Qxg6 28. Bxg6 Rd1 29. Rhe3 R8d7 30. Rxd1 Rxd1+ 31. Kh2 Bc8 32. Ng5 Bh6 33. Rg3 Ra1 34. Bf7+ Kg7 35. Bxe6 Bxe6 36. Nxe6+ Kf6 37. Rg4 Kxe6 38. Rg6+ Ke5 39. Rxh6 Rxa2 40. Kg3 Rc2 41. Rc6 Kd4 42. f4 1/2-1/2

[Event "GER-ch51 V04 email"]
[Site "GER email"]
[Date "2019.04.14"]
[Round "?"]
[White "Markus, Roland"]
[Black "Krebs, Juergen"]
[Result "1/2-1/2"]
[WhiteElo "2365"]
[BlackElo "2342"]
[PlyCount "42"]
[EventDate "2019.??.??"]
[EventType "tourn (corr)"]
[EventRounds "10"]
[EventCountry "GER"]
[SourceTitle "Corr 2022"]
[Source "ChessBase"]
[SourceDate "2021.10.24"]
[SourceVersion "1"]
[SourceVersionDate "2021.10.24"]
[SourceQuality "1"]

1. e4 e5 2. Nf3 Nc6 3. Bb5 a6 4. Ba4 d6 5. c3 f5 6. exf5 Bxf5 7. 0-0 Bd3 8. Re1 Be7 9. Bc2 Bxc2 10. Qxc2 Nf6 11. d4 e4 12. Ng5 d5 13. f3 h6 14. Nh3 0-0 15. Nd2 exf3 16. Nxf3 Rf7 17. Bf4 Bd6 18. Bxd6 Qxd6 19. Nf2 Re7 20. Rxe7 Qxe7 21. Re1 Qd6 1/2-1/2

[Event "GER rap18 FSM/V03 email"]
[Site "GER email"]
[Date "2018.10.23"]
[Round "?"]
[White "Hild, Harald"]
[Black "Krebs, Juergen"]
[Result "1/2-1/2"]
[WhiteElo "2005"]
[BlackElo "2102"]
[PlyCount "75"]
[EventDate "2018.11.01"]
[EventType "tourn (corr)"]
[EventRounds "4"]
[EventCountry "GER"]
[SourceTitle "Corr 2020"]
[Source "ChessBase"]
[SourceDate "2019.09.30"]
[SourceVersion "1"]
[SourceVersionDate "2019.09.30"]
[SourceQuality "1"]

1. e4 e5 2. Nf3 Nc6 3. Bb5 a6 4. Ba4 d6 5. c3 f5 6. exf5 Bxf5 7. 0-0 Bd3 8. Re1 Be7 9. Qb3 b5 10. Qd5 Qd7 11. Qxd3 bxa4 12. Qc2 Nf6 13. d3 0-0 14. Nbd2 Rae8 15. Qxa4 d5 16. h3 Bd6 17. a3 h6 18. Nh2 Re6 19. c4 Nd4 20. Qd1 c6 21. cxd5 cxd5 22. b4 Rc8 23. Ra2 e4 24. dxe4 Bxh2+ 25. Kxh2 Qc7+ 26. Kh1 Nc2 27. Rf1 dxe4 28. Nb3 Rd6 29. Qe2 Rd3 30. Rb2 Qc3 31. Kg1 Kh7 32. Nc5 Nd4 33. Qe1 Rxh3 34. Nxe4 Qxe1 35. Nxf6+ gxf6 36. Rxe1 Rxa3 37. Bf4 Kg6 38. Rd2 1/2-1/2